000 00439cam a2200181ua 4500
001 9288
008 150225n ii |||gr||||Z||||||eng
040 _cMAIN
041 _aeng
082 _a820
100 _aMair, G. H.,
_eAuthor.
245 1 _aEnglish literature :
_bModern /
_cBy G. H. Mair .
250 _a1st.
260 _aDelhi:
_bSurjeet,
_c1996.
300 _a259p.
653 _aEnglish.& Old English literatures
942 _cBK
999 _c8355
_d8355